000 00302nam a2200121Ia 4500
008 190216s9999||||xx |||||||||||||| ||und||
100 _aMohammed Shabbir Khan
245 0 _aEssay On The Evolution Of Economic Theory
260 _bS Chand & Co
_c1982
300 _a62p
650 _aEconomics
942 _cBK
999 _c9818
_d9818